=LDR 00000nam 2200000 4500 =001 INLIS000000000022021 =005 20130612120824 =008 ***********************************Ind** =035 ##$$0010-061300000022021 =041 ##$$a Ind =082 ##$$a 005.369 =090 ##$$a 005.369, Sho a =100 ##$$a Sholeh, M =245 ##$$a Autocad 2D dan 3D metode belajar langsung praktek, M. Sholeh, ST =260 ##$$a 2006 $b Bandung =300 ##$$a vi, 306 hlm, ilus, 23 cm =650 ##$$a Komputer =850 ##$$a NBPNMAT